| 000 | 00908nam a2200265 a 4500 | ||
|---|---|---|---|
| 001 | 4290241 | ||
| 003 | OSt | ||
| 005 | 20230619090230.0 | ||
| 008 | 851216s1985 enka b 001 0 eng | ||
| 010 | _a 85240243 | ||
| 020 |
_a058290272X (pbk.) : _c£15.00 |
||
| 040 |
_aDLC _cDLC _dDLC |
||
| 043 | _ae-uk--- | ||
| 082 |
_a070.5 _bENG |
||
| 100 | 1 | _aEnglefield, Dermot J. T. | |
| 245 | 1 | 0 |
_aWhitehall and Westminster : _bgovernment informs Parliament : the changing scene / _cDermot Englefield. |
| 260 |
_aHarlow, Essex, U.K. : _bLongman, _c1985. |
||
| 300 |
_ax, 218 p. : _bill. ; _c24 cm. |
||
| 504 | _aIncludes bibliographies and index. | ||
| 610 | 1 | 0 |
_aGreat Britain. _bParliament _xInformation services. |
| 610 | 1 | 0 |
_aGreat Britain. _bParliament _xPublication of proceedings. |
| 650 | 0 |
_aLegislative oversight _zGreat Britain. |
|
| 906 |
_a7 _bcbc _corignew _d3 _encip _f19 _gy-gencatlg |
||
| 942 |
_2ddc _cBK |
||
| 999 |
_c1160 _d1160 |
||